Letnie Igrzyska Olimpijskie 2024 - 20 najlepszych krajów - Statystyki

Ogólne statystyki
  • Ten quiz został rozwiązany 136 razy
  • Średni wynik to 12 z 20
Statystyki odpowiedzi
złoty medale zaczyna się od kraj % Poprawnych
40 91 C Chiny
95%
40 126 S Stany Zjednoczone
95%
20 45 J Japonia
86%
16 64 F Francja
85%
18 53 A Australia
76%
15 34 H Holandia
70%
14 65 W Wielka Brytania
67%
12 33 N Niemcy
61%
12 40 W Włochy
61%
8 13 U Uzbekistan
53%
5 18 H Hiszpania
52%
13 32 K Korea Południowa
51%
4 11 S Szwecja
49%
3 20 B Brazylia
46%
9 27 K Kanada
45%
10 20 N Nowa Zelandia
44%
4 7 I Irlandia
40%
6 19 W Węgry
35%
4 8 N Norwegia
32%
4 11 K Kenia
30%
Nie znaleziono quizów pasujących do podanych kryteriów
Rozkład punktacji
Procent ludzi z każdym wynikiem
Percentyl według liczby udzielonych odpowiedzi
Twoja historia wyników
Nie rozwiązałeś tego quizu